Philippine literature : (Record no. 6002)

MARC details
000 -LEADER
fixed length control field 00727nam a22002057a 4500
003 - CONTROL NUMBER IDENTIFIER
control field OSt
005 - DATE AND TIME OF LATEST TRANSACTION
control field 20251121135239.0
008 - FIXED-LENGTH DATA ELEMENTS--GENERAL INFORMATION
fixed length control field 251121b |||||||| |||| 00| 0 eng d
020 ## - INTERNATIONAL STANDARD BOOK NUMBER
International Standard Book Number 971-27-1507-8
040 ## - CATALOGING SOURCE
Original cataloging agency DWC-Main Lib
Transcribing agency OC
082 ## - DEWEY DECIMAL CLASSIFICATION NUMBER
Classification number Res. 820.8 P552 2005
100 ## - MAIN ENTRY--PERSONAL NAME
Personal name Lumbera, C.
245 ## - TITLE STATEMENT
Title Philippine literature :
Remainder of title a history and anthology, english edition
Statement of responsibility, etc. Lumbera, Cynthia N.
260 ## - PUBLICATION, DISTRIBUTION, ETC.
Place of publication, distribution, etc. Pasig :
Name of publisher, distributor, etc. Anvil Publishing, Inc.,
Date of publication, distribution, etc. c2005
300 ## - PHYSICAL DESCRIPTION
Extent 456 pages :
Dimensions 25 cm.
650 ## - SUBJECT ADDED ENTRY--TOPICAL TERM
Source of heading or term Philippine literature (English)
650 ## - SUBJECT ADDED ENTRY--TOPICAL TERM
Source of heading or term Philippines-literary collections
700 ## - ADDED ENTRY--PERSONAL NAME
Personal name Lumbera, Bienvenido
942 ## - ADDED ENTRY ELEMENTS (KOHA)
Source of classification or shelving scheme Dewey Decimal Classification
Koha item type Book- Reserved
Edition English edition
Classification part Res. 820.8 P552 2005
Call number prefix Res.
Suppress in OPAC No
952 ## - LOCATION AND ITEM INFORMATION (KOHA)
--
Holdings
Withdrawn status Lost status Source of classification or shelving scheme Damaged status Not for loan Home library Current library Shelving location Date acquired Source of acquisition Total Checkouts Full call number Barcode Date last seen Copy number Price effective from Koha item type Uniform Resource Identifier
    Dewey Decimal Classification     College Library College Library General Reference 10/11/2005 Donation   Res. 820.8 P552 2005 CL42458 11/21/2025 c1 11/21/2025 BK-0 CIRC